Local budgeting

Guardado en:
Detalles Bibliográficos
Otros Autores: Shah, Anwar
Formato: Libro
Lenguaje:inglés
Publicado: Washington, D.C. <The> World Bank 2007
Colección:Public sector, governance, and accountability series
Materias:
Etiquetas: Agregar Etiqueta
Sin Etiquetas, Sea el primero en etiquetar este registro!

MARC

LEADER 00000nam$a2200000$$$4500
001 0059681
005 20230120111829.9
020 |a 978-0-8213-6945-6 
020 |a 0-8213-6945-8 
041 0 |a eng 
044 |a US 
245 1 0 |a Local budgeting  |c edited by: Anwar Shah 
264 1 |a Washington, D.C.  |b <The> World Bank  |c 2007 
300 |a 381 s. 
490 1 |a Public sector, governance, and accountability series 
830 0 |a Public sector, governance, and accountability series 
610 2 0 |a rozpočtovníctvo 
610 2 0 |a rozpočty verejné 
610 2 0 |a porovnanie medzinárodné 
610 2 0 |a politika fiškálna 
610 2 0 |a správa miestna 
610 2 0 |a príjmy 
610 2 0 |a výdavky 
610 2 0 |a financie verejné 
610 2 0 |a riadenie 
610 2 0 |a korupcia 
610 2 0 |a opatrenia 
700 1 |a Shah, Anwar